| 000 | 01089cam a22002651 4500 | ||
|---|---|---|---|
| 001 | e 19000230 | ||
| 003 | DLC | ||
| 005 | 20260227111210.0 | ||
| 008 | 940801s1919 dcu f000 0 eng c | ||
| 010 | _ae 19000230 | ||
| 035 | _a(OCoLC)30855730 | ||
| 040 |
_aLibrary, U.S. Bur. of Education _cIEN _dIEN _dDLC |
||
| 042 | _apremarc | ||
| 050 | 0 | 0 |
_aL111 _b.A6 1918, no. 45 |
| 100 | 1 |
_aBuchner, Edward Franklin, _d1868-1929. |
|
| 245 | 1 | 0 |
_aEducational surveys, _cby Edward Franklin Buchner ... |
| 260 |
_aWashington, _bGovt. Print. Off., _c1919. |
||
| 300 |
_a56 p. _c23 cm. |
||
| 490 | 1 |
_a[U.S.] Bureau of Education. Bulletin, _v1918, no. 45 |
|
| 500 | _aAt head of title: Department of the Interior ... | ||
| 500 | _aAdvance sheets from the Biennial survey of education in the United States, 1916-1918. | ||
| 501 |
_aWith: Instruction in art in the United States / Walter Sargent. Washington : Govt. Print. Off., 1919. Bound together subsequent to publication. _5DLC |
||
| 650 | 0 | _aEducational surveys. | |
| 830 | 0 |
_aBulletin (United States. Bureau of Education) ; _v1918, no. 45. |
|
| 999 |
_c20299 _d20299 |
||